<?xml version="1.0" encoding="UTF-8"?><?xml-stylesheet type="text/xsl" href="static/style.xsl"?><OAI-PMH xmlns="http://www.openarchives.org/OAI/2.0/" xmlns:xsi="http://www.w3.org/2001/XMLSchema-instance" xsi:schemaLocation="http://www.openarchives.org/OAI/2.0/ http://www.openarchives.org/OAI/2.0/OAI-PMH.xsd"><responseDate>2026-04-13T04:03:03Z</responseDate><request verb="GetRecord" identifier="oai:www.recercat.cat:2445/123340" metadataPrefix="marc">https://recercat.cat/oai/request</request><GetRecord><record><header><identifier>oai:recercat.cat:2445/123340</identifier><datestamp>2025-12-05T16:54:07Z</datestamp><setSpec>com_2072_1057</setSpec><setSpec>col_2072_478823</setSpec><setSpec>col_2072_478904</setSpec><setSpec>col_2072_478917</setSpec></header><metadata><record xmlns="http://www.loc.gov/MARC21/slim" xmlns:dcterms="http://purl.org/dc/terms/" xmlns:xsi="http://www.w3.org/2001/XMLSchema-instance" xmlns:doc="http://www.lyncode.com/xoai" xsi:schemaLocation="http://www.loc.gov/MARC21/slim http://www.loc.gov/standards/marcxml/schema/MARC21slim.xsd">
   <leader>00925njm 22002777a 4500</leader>
   <datafield ind2=" " ind1=" " tag="042">
      <subfield code="a">dc</subfield>
   </datafield>
   <datafield ind2=" " ind1=" " tag="720">
      <subfield code="a">Di Luzio, Luca</subfield>
      <subfield code="e">author</subfield>
   </datafield>
   <datafield ind2=" " ind1=" " tag="720">
      <subfield code="a">Mescia, Federico</subfield>
      <subfield code="e">author</subfield>
   </datafield>
   <datafield ind2=" " ind1=" " tag="720">
      <subfield code="a">Nardi, Enrico</subfield>
      <subfield code="e">author</subfield>
   </datafield>
   <datafield ind2=" " ind1=" " tag="260">
      <subfield code="c">2018-07-03T13:45:31Z</subfield>
   </datafield>
   <datafield ind2=" " ind1=" " tag="260">
      <subfield code="c">2018-07-03T13:45:31Z</subfield>
   </datafield>
   <datafield ind2=" " ind1=" " tag="260">
      <subfield code="c">2017-10-03</subfield>
   </datafield>
   <datafield ind2=" " ind1=" " tag="260">
      <subfield code="c">2018-07-03T13:45:31Z</subfield>
   </datafield>
   <datafield ind2=" " ind1=" " tag="520">
      <subfield code="a">We discuss phenomenological criteria for defining "axion windows," namely regions in the parameter space of the axion-photon coupling where realistic models live. Currently, the boundaries of this region depend on somewhat arbitrary criteria, and it would be highly desirable to specify them in terms of precise phenomenological requirements. We first focus on hadronic axion models within post-inflationary scenarios, in which the initial abundance of the new vectorlike quarks Q is thermal. We classify their representations R Q by requiring that (i) the Q are sufficiently short lived to avoid issues with long-lived strongly interacting relics, (ii) the theory remains weakly coupled up to the Planck scale. The more general case of multiple R Q is also studied, and the absolute upper and lower bounds on the axion-photon coupling as a function of the axion mass is identified. Pre-inflationary scenarios in which the axion decay constant remains bounded as f a ≤ 5 × 10 11     GeV allow for axion-photon couplings only about 20% larger. Realistic Dine-Fischler-Srednicki-Zhitnitsky type of axion models also remain encompassed within the hadronic axion window. Some mechanisms that can allow to enhance the axion-photon coupling to values sizeably above the preferred window are discussed.</subfield>
   </datafield>
   <datafield tag="653" ind2=" " ind1=" ">
      <subfield code="a">Partícules (Matèria)</subfield>
   </datafield>
   <datafield tag="653" ind2=" " ind1=" ">
      <subfield code="a">Particles</subfield>
   </datafield>
   <datafield ind2="0" ind1="0" tag="245">
      <subfield code="a">Window for preferred axion models</subfield>
   </datafield>
</record></metadata></record></GetRecord></OAI-PMH>